书目信息 |
| 题名: |
王通论
|
|
| 作者: | 尹协理 , 魏明 著 | |
| 分册: | ||
| 出版信息: | 北京 中国社会科学出版社 1984.12 |
|
| 页数: | 296页 | |
| 开本: | 20cm | |
| 丛书名: | ||
| 单 册: | ||
| 中图分类: | B241.1 | |
| 科图分类: | ||
| 主题词: | 哲学--中国--隋唐时代 , 哲学--中国--五代十国时期 | |
| 电子资源: | ||
| ISBN: | ||
| 000 | 00626nam0 2200229 45 | |
| 001 | 0303190862 | |
| 005 | 20060526103315.42 | |
| 010 | @dCNY1.45 | |
| 091 | @a2190.114 | |
| 100 | @a20030319d1984 km y0chiy0120 ea | |
| 101 | 0 | @achi |
| 105 | @ac z 000yy | |
| 200 | 1 | @a王通论@AWang Tong Lun@f尹协理,魏明著@FYin Xie Li,Wei Ming Zhu |
| 210 | @a北京@c中国社会科学出版社@d1984.12 | |
| 215 | @a296页@d20cm@c冠图:肖像 | |
| 606 | 0 | @a哲学@x中国@x隋唐时代 |
| 606 | 0 | @a哲学@x中国@x五代十国时期 |
| 690 | @aB241.1@v3 | |
| 701 | 0 | @a尹协理@4著 |
| 701 | 0 | @a魏明@4著 |
| 801 | @aCN@bTSTC@c20060526 | |
| 905 | @dB241.1@e1@f1@b141346 | |
| 王通论/尹协理,魏明著.-北京:中国社会科学出版社,1984.12 |
| 296页;20cm:冠图:肖像 |
| ISBN :CNY1.45 |
| ● |
| 相关链接 |
|
|
|
|
正题名:王通论
索取号:B241.1/1
 
预约/预借
| 序号 | 登录号 | 条形码 | 馆藏地/架位号 | 状态 | 备注 |
| 1 | 0141345 | 202380636 | 密集书库/ [索取号:B241.1/1] | 在馆 | |
| 2 | 0141346 | 000522367 | 第一借阅区/ [索取号:B241.1/1] | 在馆 | |
| 3 | 0141347 | 001768395 | 密集书库/ [索取号:B241.1/1] | 在馆 |